Normal view
MARC view
Entry Topical Term
001 - CONTROL NUMBER
- control field: 7235
003 - CONTROL NUMBER IDENTIFIER
- control field: OSt
005 - DATE AND TIME OF LATEST TRANSACTION
- control field: 20190723064507.0
008 - FIXED-LENGTH DATA ELEMENTS
- fixed length control field: 190723|| aca||aabn | a|a d
040 ## - CATALOGING SOURCE
- Original cataloging agency: OSt
- Transcribing agency: OSt
150 ## - HEADING--TOPICAL TERM
- Topical term or geographic name entry element: GHRM
670 ## - SOURCE DATA FOUND
- Source citation: Work cat.: (OSt): Raghuwanshi, Shobhanjali 7234, Green HRM - people management commitment to combat carbon footprint in Indian companies: a case study based approach, 2019
